000 00913cam a22002771 4500
001 5169
003 BD-RjUL
005 20211208234024.0
008 131224s1962 xx 001 0 eng
035 _a(BD-RjUL)5205
035 _a(OCoLC)490260
040 _aDLC
_cOClU
_dGAM-M
_dUk
_dOCoLC
_dDLC
_dBD-RjUL
_beng
041 _aeng
060 _aWT 30 S528h 1962
082 0 0 _a362.1989700973
_bSHH 1962
100 1 _aShanas, Ethel.
_916289
245 1 4 _aThe health of older people :
_ba social survey /
_cEthel Shanas.
260 _aCambridge :
_bHarvard University Press,
_c1962.
300 _axii, 250 p. :
_bill. ;
_c27 cm.
500 _a"Reports and papers based on the survey": p. 207-208. Bibliographical footnotes.
504 _aIncludes index.
650 0 _aOlder people
_xMedical care
_zUnited States.
_916290
650 0 _aOlder people
_zUnited States.
_916291
942 _2ddc
_cBK
999 _c5169
_d5169